| 000 | 00404nab a22001217u 4500 | ||
|---|---|---|---|
| 008 | 130520b1994 xxu||||| |||| 00| 0 eng d | ||
| 041 | _aeng | ||
| 100 | 1 |
_aNys, Herman _947786 |
|
| 245 | 0 | 0 |
_aBioethics and Medical Law An Orientation _cHerman Nys, Paul T. Schotsmans |
| 700 | 1 |
_aSchotsmans, Paul T. _912221 |
|
| 773 | 0 |
_tEthical Perspectives _gV.1, nº4,1994,págs. 185-207 _x1370-0049 _wRev202 |
|
| 942 | _cAR | ||
| 999 |
_c299609 _d299609 |
||